| 000 | 00000nam##2200000za#4500 |
| 001 | 9.664685 |
| 003 | CaOODSP |
| 005 | 20210615121755 |
| 007 | ta |
| 008 | 150407|2003||||xxc||||| f|0| 0 eng|d |
| 020 | |a0-662-67379-4 |
| 040 | |aCaOODSP|beng |
| 041 | |aeng |
| 041 | |afre |
| 043 | |an-cn--- |
| 086 | 1 |aNH15-410/2003 |
| 110 | 2 |aCanada Mortgage and Housing Corporation. |
| 245 | 10|aCapital replacement planning - manual for co-operative and non-profit housing providers / |cProduced by the Canadian Housing and Renewal Association in collaboration with the Co-operative Housing Federation of Canada and the Ontario Non-Profit Housing Association. |
| 260 | |aOttawa - Ontario : |bCanada Mortgage and Housing Corporation |c2003. |
| 300 | |aiv, 65, [1]p. : |btables ; |c28 cm. |
| 520 | 3 |aCo-operative and non-profit housing corporations need capital reserve funds to be ready to pay for major replacements and repairs as their buildings age. This manual provides housing providers the information that a Board needs to understand and oversee the process of planning capital replacements. It describes how to develop a Capital Replacement Plan and how to keep it up to date. |
| 563 | |aSpiral binding |
| 590 | |a06-23|b2006-06-09 |
| 690 | 07|aSubsidized housing|2gcpds |
| 710 | 2 |aCo-operative Housing Federation of Canada. |
| 710 | 2 |aOntario Non-Profit Housing Association. |
| 776 | 0#|tManuel de planification du remplacement d'immobilisations : |w(CaOODSP)9.638454 |
| 776 | 0#|tCapital replacement planning - manual for co-operative and non-profit housing providers / |w(CaOODSP)9.694278 |
| 792 | |tManuel de planification du remplacement d'immobilisations - édition à l'intention des organismes de logements coopératifs et sans but lucratif / |efre|w(CaOODSP)9.664686 |